Welcome to CU Library Online Public Access Catalogue (OPAC)

Chemistry/ (Record no. 1788)

MARC details
000 -LEADER
fixed length control field 00540nam a22001817a 4500
005 - DATE AND TIME OF LATEST TRANSACTION
control field 20241129190959.0
008 - FIXED-LENGTH DATA ELEMENTS--GENERAL INFORMATION
fixed length control field 241129b |||||||| |||| 00| 0 eng d
020 ## - INTERNATIONAL STANDARD BOOK NUMBER
International Standard Book Number 9780072930276
050 ## - LIBRARY OF CONGRESS CALL NUMBER
Classification number QD31.3
Item number .C38
100 ## - MAIN ENTRY--PERSONAL NAME
Personal name Chang, Raymond
245 ## - TITLE STATEMENT
Title Chemistry/
Statement of responsibility, etc. Raymond Chang with Brandon Cruickshank
250 ## - EDITION STATEMENT
Edition statement 8th ed.
260 ## - PUBLICATION, DISTRIBUTION, ETC.
Place of publication, distribution, etc. Boston
Name of publisher, distributor, etc. McGraw Hill Higher Education
Date of publication, distribution, etc. 2005
300 ## - PHYSICAL DESCRIPTION
Extent xxxii.1039. various paging
Other physical details ill. some color
Dimensions 26cm
650 ## - SUBJECT ADDED ENTRY--TOPICAL TERM
Source of heading or term Chemistry
700 ## - ADDED ENTRY--PERSONAL NAME
Personal name Cruickshank, Brandon
942 ## - ADDED ENTRY ELEMENTS (KOHA)
Source of classification or shelving scheme Library of Congress Classification
Koha item type Books
Edition 8th ed.
Suppress in OPAC No
999 ## -
-- 1788
-- 1788
Holdings
Withdrawn status Lost status Source of classification or shelving scheme Damaged status Not for loan Collection Home library Current library Shelving location Date acquired Total checkouts Full call number Barcode Date last seen Copy number Price effective from Koha item type
    Library of Congress Classification     Non-fiction Science Library (Miotso) Science Library (Miotso) General stacks 11/29/2024   QD31.3 .C38 CHA SLM00000957 11/29/2024 1 11/29/2024 Books
    Library of Congress Classification     Non-fiction Science Library (Miotso) Science Library (Miotso) General stacks 11/29/2024   QD31.3 .C38 CHA SLM00000958 11/29/2024 2 11/29/2024 Books
    Library of Congress Classification     Non-fiction Science Library (Miotso) Science Library (Miotso) General stacks 11/29/2024   QD31.3 .C38 CHA SLM00000959 11/29/2024 3 11/29/2024 Books
    Library of Congress Classification     Non-fiction Science Library (Miotso) Science Library (Miotso) General stacks 11/29/2024   QD31.3 .C38 CHA SLM00000960 11/29/2024 4 11/29/2024 Books
    Library of Congress Classification     Non-fiction Science Library (Miotso) Science Library (Miotso) General stacks 11/29/2024   QD31.3 .C38 CHA SLM00000961 11/29/2024 5 11/29/2024 Books
© 2023-2024 Copyright: Central University Libraries. All Rights Reserved | Created by: Mahone Tech Office